Informe sobre la situación de los derechos humanos en Guatemala

Salvato in:
Dettagli Bibliografici
Ente Autore: Comisión de Derechos Humanos de Guatemala
Natura: testo
Lingua:Spanish
Pubblicazione: México: CDHG
Tags: Aggiungi Tag
Nessun Tag, puoi essere il primo ad aggiungerne!!

MARC

LEADER 00000 a a2200000 04500
001 20924
003 cru CRAIS/IIS
005 20210908141153.0
008 210908b |||||||| |||| 00| 0 spa d
040 |c CRAIS/IIS 
090 |a 089600  
110 |a Comisión de Derechos Humanos de Guatemala  
245 |a Informe sobre la situación de los derechos humanos en Guatemala  
260 |a México:   |b CDHG  
300 |a 50 p.  
942 |2 ddc  |c LI 
999 |c 13007  |d 13007